[Event "FIDE Online Olympiad"]
[Site "Chess.com"]
[Date "2020.08.14"]
[EventDate "2020.08.14"]
[Round "2"]
[Result "1-0"]
[White "Daniel Titichoca Daza"]
[Black "Mauricio Valverde Mora"]
[WhiteElo "2135"]
[BlackElo "1331"]
[Source "Chess-Results"]
[PlyCount "89"]

1. c4 Nf6 2. Nc3 g6 3. Nf3 d5 4. cxd5 Nxd5 5. Qb3 Nf6 6. d4
Bg7 7. e4 O-O 8. h3 c6 9. Be3 Qc7 10. Rc1 Qa5 11. Bd3 Nbd7
12. O-O e5 13. d5 cxd5 14. exd5 Re8 15. Bc4 Nb6 16. Bb5 Bd7
17. Rfd1 Rac8 18. Bf1 e4 19. Nd2 Nfxd5 20. Nxd5 Qxd5 21. Bxb6
Qxb3 22. Nxb3 axb6 23. Rxd7 Rxc1 24. Nxc1 Bxb2 25. Nb3 Ra8
26. Bc4 Rxa2 27. Rxf7 Kh8 28. Rxb7 Ra4 29. Be6 Rb4 30. g4 Be5
31. h4 Bf4 32. Kg2 e3 33. fxe3 Bxe3 34. Kf3 Bc5 35. g5 Bf8
36. Nd2 Rxh4 37. Ne4 h6 38. Nf6 hxg5 39. Nd7 Rf4+ 40. Kg2 Kg7
41. Nxb6+ Kf6 42. Ba2 Ke5 43. Rd7 Rd4 44. Nc4+ Ke4 45. Bb1+
1-0

[Event "FIDE Online Olympiad"]
[Site "Chess.com"]
[Date "2020.08.14"]
[EventDate "2020.08.14"]
[Round "2"]
[Result "1-0"]
[White "Kristel Meliss Diaz Charpentier"]
[Black "Nataly A Monroy G"]
[WhiteElo "1498"]
[BlackElo "1906"]
[Source "Chess-Results"]
[PlyCount "99"]

1. Nf3 g6 2. b3 Bg7 3. d4 d5 4. Bb2 Nf6 5. g3 O-O 6. Bg2 b6
7. O-O Bb7 8. c4 c5 9. dxc5 bxc5 10. cxd5 Bxd5 11. Nc3 Bc6
12. Qc2 Na6 13. Rfd1 Qb6 14. Rac1 Nb4 15. Qb1 Rfb8 16. Ne5
Bxg2 17. Kxg2 Rd8 18. Na4 Qb7+ 19. Kg1 Ne4 20. Rxd8+ Rxd8
21. Nxc5 Nxc5 22. Rxc5 Qa6 23. Rc4 Qxa2 24. Qxa2 Nxa2 25. Kg2
Rb8 26. Ra4 Nb4 27. Rxa7 e6 28. Nc4 Bxb2 29. Nxb2 Nd5 30. Ra3
Nc3 31. Kf3 Nb1 32. Ra2 Rxb3+ 33. Nd3 Nc3 34. Ra8+ Kg7 35. h4
Nd5 36. Kg2 Nc3 37. Ra7 Nxe2 38. Ne5 Kf6 39. Nxf7 Nd4 40. Ng5
h6 41. Ne4+ Ke5 42. Nc5 Rb1 43. Ra6 Rd1 44. Nd7+ Kd5 45. Nf6+
Ke5 46. Ng4+ Ke4 47. Ra4 Rd2 48. Nxh6 Rb2 49. Ng4 Rd2 50. Ne3
1-0

[Event "FIDE Online Olympiad"]
[Site "Chess.com"]
[Date "2020.08.14"]
[EventDate "2020.08.14"]
[Round "3"]
[Result "1-0"]
[White "Carla Heredia Serrano"]
[Black "Thais Castillo Morales"]
[WhiteElo "2162"]
[BlackElo "1867"]
[Source "Chess-Results"]
[PlyCount "63"]

1. e4 e6 2. d4 d5 3. Nc3 Bb4 4. Ne2 dxe4 5. a3 Bd6 6. Nxe4 Nf6
7. Nxd6+ cxd6 8. Bg5 Nbd7 9. Nc3 O-O 10. Bd3 h6 11. Bh4 Qb6
12. O-O e5 13. d5 Nh7 14. b4 f5 15. Kh1 g5 16. Bg3 f4 17. Qh5
Ndf6 18. Qxh6 fxg3 19. fxg3 Qd8 20. Ne4 Rf7 21. Nxf6+ Nxf6
22. Qxg5+ Kf8 23. Bg6 Rg7 24. Rxf6+ Kg8 25. Raf1 Bd7 26. Bf7+
Kh8 27. Rh6+ Rh7 28. Rxh7+ Kxh7 29. Qg6+ Kh8 30. Qh5+ Kg7
31. Qg6+ Kh8 32. Qh6# 1-0

[Event "FIDE Online Olympiad"]
[Site "Chess.com"]
[Date "2020.08.14"]
[EventDate "2020.08.14"]
[Round "3"]
[Result "1-0"]
[White "Anahi Ortiz Verdezoto"]
[Black "Melanie Salazar Gould"]
[WhiteElo "2153"]
[BlackElo "1968"]
[Source "Chess-Results"]
[PlyCount "57"]

1. d4 Nf6 2. c4 g6 3. Nc3 Bg7 4. e4 d6 5. h3 O-O 6. Be3 Na6
7. g4 e5 8. d5 b6 9. Nge2 Nc5 10. Ng3 Qe8 11. Be2 a5 12. h4 c6
13. g5 Nfd7 14. dxc6 Nb8 15. c7 Nc6 16. Qxd6 Nd4 17. O-O-O Ra6
18. h5 Nce6 19. Nb5 Bd7 20. Nc3 Ra7 21. h6 Bh8 22. Nd5 f5
23. exf5 Nxf5 24. Nxf5 Rxf5 25. Ne7+ Kf7 26. Nxf5 Rxc7 27. Ng7
Bxg7 28. hxg7 Nxg7 29. Qxc7 1-0

[Event "FIDE Online Olympiad"]
[Site "Chess.com"]
[Date "2020.08.14"]
[EventDate "2020.08.14"]
[Round "3"]
[Result "1-0"]
[White "Luis Fernando Ibarra Chami"]
[Black "Oswaldo Zambrana"]
[WhiteElo "2434"]
[BlackElo "2464"]
[Source "Chess-Results"]
[PlyCount "73"]

1. e4 c5 2. Nf3 Nc6 3. d4 cxd4 4. Nxd4 Nf6 5. Nc3 e5 6. Ndb5
d6 7. Nd5 Nxd5 8. exd5 Nb8 9. a4 Be7 10. Bd2 O-O 11. Be2 b6
12. a5 Bb7 13. axb6 axb6 14. Rxa8 Bxa8 15. c4 Nd7 16. O-O Bb7
17. Qa4 Qa8 18. Ra1 Qxa4 19. Rxa4 Ra8 20. Rxa8+ Bxa8 21. Bg4
Nf6 22. Bc8 Ne8 23. Bd7 Kf8 24. Bxe8 Bxd5 25. cxd5 Kxe8
26. Be3 Kd7 27. Bxb6 f5 28. Kf1 h5 29. Ke2 g5 30. f3 g4 31. h3
Bg5 32. fxg4 hxg4 33. hxg4 fxg4 34. Be3 Bf6 35. b4 e4 36. Bd4
Bg5 37. Nc3 1-0

[Event "FIDE Online Olympiad"]
[Site "Chess.com"]
[Date "2020.08.14"]
[EventDate "2020.08.14"]
[Round "3"]
[Result "1-0"]
[White "Zenia Corrales Jimenez"]
[Black "Jessica Molina"]
[WhiteElo "2176"]
[BlackElo "1758"]
[Source "Chess-Results"]
[PlyCount "73"]

1. e4 e6 2. d4 b6 3. Nf3 Bb7 4. Bd3 Nf6 5. e5 Ne4 6. Qe2 d5
7. exd6 Nxd6 8. Bf4 Be7 9. Nbd2 Nd7 10. O-O-O Nf6 11. Ne5 a6
12. c4 Nd7 13. Qg4 g5 14. Nxd7 Qxd7 15. Be5 h5 16. Qe2 f6
17. Bxd6 cxd6 18. Bg6+ Kd8 19. Bf7 e5 20. dxe5 fxe5 21. Ne4
Rc8 22. Kb1 Kc7 23. Bd5 Qf5 24. Ka1 Rcd8 25. Nc3 g4 26. h4 Rd7
27. Bxb7 Kxb7 28. Nd5 Bd8 29. Rd3 Rf8 30. f3 Qg6 31. Rb3 g3
32. Qe3 Ka7 33. Nxb6 Bxb6 34. Qxb6+ Ka8 35. Qxa6+ Ra7 36. Qc6+
Rb7 37. Qxb7# 1-0

[Event "FIDE Online Olympiad"]
[Site "Chess.com"]
[Date "2020.08.14"]
[EventDate "2020.08.14"]
[Round "3"]
[Result "1-0"]
[White "Isaac Valent Tello Chavez"]
[Black "Fernando Bolanos"]
[WhiteElo "2123"]
[BlackElo "2272"]
[Source "Chess-Results"]
[PlyCount "51"]

1. c4 Nf6 2. g3 c5 3. Bg2 Nc6 4. Nc3 g6 5. e4 d6 6. Nge2 Bg7
7. d3 O-O 8. O-O a6 9. h3 Rb8 10. a4 b6 11. Be3 Qc7 12. f4 e6
13. f5 exf5 14. exf5 Bxf5 15. g4 Be6 16. Qd2 h5 17. Bg5 Nh7
18. gxh5 gxh5 19. Bh6 Nb4 20. Ng3 Qe7 21. Nxh5 Bd4+ 22. Kh1
Qh4 23. Bxf8 Rxf8 24. Qh6 Kh8 25. Rf4 Qe7 26. Rxd4 1-0

[Event "FIDE Online Olympiad"]
[Site "Chess.com"]
[Date "2020.08.14"]
[EventDate "2020.08.14"]
[Round "3"]
[Result "1-0"]
[White "Benjamin Gledura"]
[Black "Francisco Varacalli"]
[WhiteElo "2619"]
[BlackElo "2124"]
[Source "Chess-Results"]
[PlyCount "85"]

1. Nf3 Nf6 2. c4 g6 3. g3 Bg7 4. Bg2 O-O 5. O-O d6 6. d4 Nc6
7. Nc3 Bg4 8. Be3 Nd7 9. Rc1 e5 10. dxe5 dxe5 11. Ng5 h6
12. Nge4 Be6 13. Nd5 Nd4 14. Bxd4 exd4 15. Qb3 f5 16. Nd2 Nc5
17. Qa3 Qd6 18. b4 Ne4 19. Nxe4 fxe4 20. Bxe4 Bxd5 21. Bxd5+
Kh7 22. Bxb7 Rab8 23. c5 Qe5 24. Bf3 d3 25. Qxd3 Rxb4 26. Qa6
g5 27. Qd3+ Kh8 28. Rc4 Rxc4 29. Qxc4 Qd4 30. Qxd4 Bxd4 31. c6
Rf5 32. Rd1 Bb6 33. Rd5 Rxd5 34. Bxd5 Kg7 35. Kg2 Kf6 36. f4
g4 37. h3 gxh3+ 38. Kxh3 Be3 39. Kg4 Kg6 40. Kf3 Bc1 41. e4
Kf6 42. e5+ Kf5 43. Bf7 1-0

[Event "FIDE Online Olympiad"]
[Site "Chess.com"]
[Date "2020.08.14"]
[EventDate "2020.08.14"]
[Round "3"]
[Result "1-0"]
[White "Ticia Gara"]
[Black "Guadalupe Encina"]
[WhiteElo "2274"]
[BlackElo "1749"]
[Source "Chess-Results"]
[PlyCount "125"]

1. Nf3 Nf6 2. c4 c5 3. g3 g6 4. Bg2 Bg7 5. O-O O-O 6. Nc3 Nc6
7. d4 cxd4 8. Nxd4 Nxd4 9. Qxd4 d6 10. Qd3 Bf5 11. e4 Be6
12. b3 Nd7 13. Bb2 Ne5 14. Qe2 Qd7 15. Nd5 Rfe8 16. Nf4 Bg4
17. f3 Be6 18. Nxe6 Qxe6 19. Rad1 Qc8 20. f4 Ng4 21. Bxg7 Kxg7
22. Kh1 h5 23. h3 Nh6 24. f5 Rh8 25. f6+ exf6 26. Rxd6 Ng4
27. Rd5 Ne5 28. Qf2 Qe6 29. Rfd1 Rac8 30. Rd6 Qe7 31. Qxa7
Rcd8 32. Qd4 Nc6 33. Qd5 Rxd6 34. Qxd6 Qe8 35. Rf1 Qd8 36. c5
Qxd6 37. cxd6 Rd8 38. Rd1 Ne5 39. Rd5 Kf8 40. Kg1 Ke8 41. Bf1
Kd7 42. Kf2 Ke6 43. Bc4 Nxc4 44. bxc4 Rxd6 45. Rxd6+ Kxd6
46. Ke3 Kc5 47. Kd3 f5 48. exf5 gxf5 49. a3 b6 50. h4 Kd6
51. Kd4 f6 52. c5+ bxc5+ 53. Kc4 Kc6 54. a4 Kb6 55. a5+ Kc6
56. a6 Kb6 57. a7 Kxa7 58. Kxc5 Kb7 59. Kd6 Kc8 60. Ke6 Kd8
61. Kxf6 Ke8 62. Kxf5 Kf7 63. Kg5 1-0

[Event "FIDE Online Olympiad"]
[Site "Chess.com"]
[Date "2020.08.14"]
[EventDate "2020.08.14"]
[Round "3"]
[Result "1-0"]
[White "Monica Espinosa Cancino"]
[Black "Milena Mosurovic"]
[WhiteElo "1563"]
[BlackElo "1868"]
[Source "Chess-Results"]
[PlyCount "127"]

1. d4 d5 2. Nf3 Nf6 3. g3 e6 4. Bg2 Be7 5. O-O O-O 6. c4 Nbd7
7. Qc2 b6 8. Nc3 Bb7 9. cxd5 exd5 10. Bf4 Nh5 11. Bd2 Nhf6
12. Rfd1 Re8 13. Bf4 Nh5 14. Bd2 Nhf6 15. Rac1 Bd6 16. Bg5 h6
17. Bxf6 Nxf6 18. Nb5 c6 19. Nxd6 Qxd6 20. Ne5 Rac8 21. Qa4 a5
22. Rc2 Nd7 23. Nd3 Ba6 24. Bf1 Rc7 25. Nf4 Bb7 26. Rdc1 Rcc8
27. Qb3 Re7 28. Nxd5 Qxd5 29. Qxd5 cxd5 30. Rxc8+ Bxc8
31. Rxc8+ Kh7 32. Rc7 Kg6 33. Bh3 f5 34. g4 Kf6 35. gxf5 Nf8
36. Rc6+ Kf7 37. Rxb6 Rxe2 38. Rb5 Re1+ 39. Kg2 Nd7 40. Rxd5
Nf6 41. Rxa5 Rd1 42. Ra7+ Kg8 43. Ra8+ Kf7 44. b4 Rxd4 45. b5
Rb4 46. Rb8 Nd5 47. Rb7+ Kg8 48. f3 Nf4+ 49. Kg3 Ne2+ 50. Kf2
Rb2 51. Bf1 Nd4+ 52. Ke3 Nxf5+ 53. Kf4 Nd6 54. Rb8+ Kh7
55. Bd3+ g6 56. b6 Rb4+ 57. Ke3 h5 58. Be4 Kh6 59. b7 Nxe4
60. fxe4 Kg5 61. a4 Rb6 62. a5 Rb3+ 63. Kd4 Rb4+ 64. Kc5 1-0

[Event "FIDE Online Olympiad"]
[Site "Chess.com"]
[Date "2020.08.15"]
[EventDate "2020.08.14"]
[Round "4"]
[Result "1-0"]
[White "Momchil Petkov"]
[Black "Ruslan Sezdbekov"]
[WhiteElo "1676"]
[BlackElo "2065"]
[PlyCount "85"]

1. e4 e5 2. Nf3 Nc6 3. Bb5 a6 4. Ba4 Nf6 5. O-O Be7 6. Re1 b5
7. Bb3 O-O 8. a4 b4 9. d3 a5 10. Nbd2 d6 11. h3 Be6 12. Bxe6
fxe6 13. c3 Qe8 14. Qb3 Bd8 15. d4 Rb8 16. dxe5 dxe5 17. Nc4
Nd7 18. Qd1 Nc5 19. Nfxe5 Nxe5 20. Nxe5 Bf6 21. Bf4 Rd8
22. Qg4 bxc3 23. bxc3 Nxa4 24. Rxa4 Qxa4 25. Qxe6+ Kh8
26. Nf7+ Rxf7 27. Qxf7 Bxc3 28. Qxc7 Bf6 29. Bd6 Re8 30. e5
Qb5 31. f4 Bh4 32. Rf1 Bg3 33. Qc1 h5 34. Qd1 g6 35. Qf3 h4
36. Rd1 Qc4 37. f5 Bxe5 38. Bxe5+ Rxe5 39. fxg6 Kg7 40. Kh2
Kxg6 41. Rd6+ Kh7 42. Qb7+ Kg8 43. Rd8+ 1-0

[Event "FIDE Online Olympiad"]
[Site "Chess.com"]
[Date "2020.08.15"]
[EventDate "2020.08.14"]
[Round "4"]
[Result "1-0"]
[White "Gabriela Antova"]
[Black "Aizhan Alymbai kyzy"]
[WhiteElo "2110"]
[BlackElo "1801"]
[PlyCount "57"]

1. d4 d5 2. c4 c6 3. Nf3 Nf6 4. Nc3 e6 5. e3 Nbd7 6. Qc2 b6
7. b3 Bb7 8. Bd3 Bd6 9. Bb2 O-O 10. O-O h6 11. Rfd1 Rc8
12. Rac1 c5 13. cxd5 exd5 14. Qe2 Bb8 15. dxc5 bxc5 16. Ba6
Qb6 17. Bxb7 Qxb7 18. Na4 Bd6 19. Nh4 Qb8 20. h3 Rfe8 21. Nf5
d4 22. Nxd6 Qxd6 23. Qc2 Qa6 24. exd4 cxd4 25. Qd2 Re2
26. Rxc8+ Kh7 27. Qd3+ Qxd3 28. Rxd3 Re1+ 29. Kh2 1-0

[Event "FIDE Online Olympiad"]
[Site "Chess.com"]
[Date "2020.08.15"]
[EventDate "2020.08.14"]
[Round "4"]
[Result "1-0"]
[White "Aziz Degenbaev"]
[Black "Martin Petrov"]
[WhiteElo "1798"]
[BlackElo "2393"]
[PlyCount "97"]

1. c4 Nf6 2. Nc3 c5 3. g3 d5 4. cxd5 Nxd5 5. Bg2 Nc7 6. Nf3
Nc6 7. O-O e5 8. b3 Be7 9. Bb2 O-O 10. Rc1 f6 11. e3 Bg4
12. h3 Bf5 13. Na4 Bd3 14. Nxc5 Bxc5 15. Rxc5 Ne6 16. Rc1 Bxf1
17. Qxf1 Kh8 18. d4 exd4 19. exd4 Nc7 20. Nh4 Re8 21. d5 Ne5
22. Nf5 Qd7 23. g4 Nb5 24. f4 Nf7 25. Qd3 Nbd6 26. Nd4 Rac8
27. Rf1 Nd8 28. g5 Qe7 29. gxf6 gxf6 30. Nf5 Qf8 31. Nxd6 Qxd6
32. Qf5 Rc7 33. Bxf6+ Kg8 34. Be5 Qb6+ 35. Kh1 Rf7 36. Qg5+
Qg6 37. Qh4 Rf5 38. Be4 Kf7 39. Rg1 Qh5 40. Rg7+ Kf8 41. Qg3
Rexe5 42. fxe5 Rf1+ 43. Kh2 Nf7 44. d6 Qe2+ 45. Bg2 Ke8 46. e6
Qxe6 47. Bxf1 Nxd6 48. Bg2 Nf5 49. Qb8+ 1-0

[Event "FIDE Online Olympiad"]
[Site "Chess.com"]
[Date "2020.08.15"]
[EventDate "2020.08.14"]
[Round "4"]
[Result "1-0"]
[White "Viktoria Radeva"]
[Black "Aizhan Sezdbekova"]
[WhiteElo "2052"]
[BlackElo "1554"]
[PlyCount "65"]

1. e4 e5 2. Nf3 Nc6 3. Bc4 Nf6 4. d3 Bc5 5. c3 d6 6. O-O Bg4
7. h3 Bh5 8. a4 a5 9. Nbd2 h6 10. Qb3 Rb8 11. Bb5 g5 12. d4
exd4 13. cxd4 Ba7 14. d5 O-O 15. dxc6 bxc6 16. Qc3 cxb5
17. axb5 Rxb5 18. Rxa5 Rxa5 19. Qxa5 Bb6 20. Qc3 g4 21. hxg4
Nxg4 22. b3 Kh7 23. Bb2 Rg8 24. Nc4 Bc5 25. b4 Ba7 26. Qa3 Qa8
27. Qa5 Bg6 28. Ncd2 Qb7 29. b5 Bb6 30. Qc3 Bxe4 31. Qc4 Bxf3
32. Qxf7+ Rg7 33. Qxg7# 1-0

[Event "FIDE Online Olympiad"]
[Site "Chess.com"]
[Date "2020.08.15"]
[EventDate "2020.08.14"]
[Round "4"]
[Result "1-0"]
[White "Niaz Murshed"]
[Black "Max Illingworth"]
[WhiteElo "2476"]
[BlackElo "2498"]
[PlyCount "85"]

1. d4 Nf6 2. c4 g6 3. Nc3 d5 4. Bf4 Bg7 5. e3 c5 6. dxc5 Qa5
7. Rc1 dxc4 8. Bxc4 O-O 9. Nf3 Qxc5 10. Bb3 Qa5 11. O-O Nc6
12. h3 Bf5 13. Qe2 Ne4 14. g4 Nxc3 15. bxc3 Bd7 16. Rfd1 Rad8
17. Rd5 Qb6 18. Rb1 Bc8 19. Rg5 e6 20. Bc2 Qa6 21. Qxa6 bxa6
22. Rc5 Ne7 23. c4 Rd7 24. Ba4 Rb7 25. Rd1 f6 26. Bd6 Bd7
27. Bxe7 Bxa4 28. Bxf8 Bxd1 29. Bxg7 Kxg7 30. Nd4 e5 31. Ne6+
Kh6 32. Rc7 Rb1 33. Kg2 Bc2 34. f3 Rb8 35. h4 g5 36. h5 Bd3
37. Rf7 Bg6 38. hxg6 Kxg6 39. Rg7+ Kh6 40. Rxa7 Rb2+ 41. Kg3
Kg6 42. Ng7 h5 43. Nf5 1-0

[Event "FIDE Online Olympiad"]
[Site "Chess.com"]
[Date "2020.08.15"]
[EventDate "2020.08.14"]
[Round "4"]
[Result "1-0"]
[White "Moulthun Ly"]
[Black "Ziaur Rahman"]
[WhiteElo "2502"]
[BlackElo "2533"]
[PlyCount "79"]

1. d4 d5 2. c4 e6 3. Nc3 Bb4 4. e3 c5 5. Nf3 Nf6 6. Bd3 O-O
7. O-O b6 8. cxd5 exd5 9. Ne5 c4 10. Bc2 Bb7 11. Qf3 Nc6
12. Qh3 Bxc3 13. Nd7 h6 14. Nxf6+ Qxf6 15. bxc3 Rfe8 16. Qg3
Bc8 17. f3 b5 18. Rb1 Rb8 19. e4 Qg6 20. Qxg6 fxg6 21. exd5
Ne7 22. Bf4 Rb7 23. Rfe1 Rd8 24. d6 Nd5 25. Bd2 Bf5 26. Be4
Rxd6 27. a4 a6 28. axb5 Rxb5 29. Rxb5 axb5 30. Rb1 b4 31. cxb4
Nf6 32. Bxf5 gxf5 33. b5 Nd5 34. Kf1 c3 35. Be1 Rb6 36. Ke2 c2
37. Rc1 Rxb5 38. Rxc2 Nf4+ 39. Ke3 Nxg2+ 40. Rxg2 1-0

[Event "FIDE Online Olympiad"]
[Site "Chess.com"]
[Date "2020.08.15"]
[EventDate "2020.08.14"]
[Round "4"]
[Result "1-0"]
[White "Thu Giang Nguyen"]
[Black "Sharmin Shirin Sultana"]
[WhiteElo "2119"]
[BlackElo "2140"]
[PlyCount "81"]

1. e4 c5 2. Nf3 e6 3. c3 d5 4. exd5 Qxd5 5. Bb5+ Nc6 6. O-O
Nf6 7. c4 Qh5 8. d4 Bd7 9. Be3 Ng4 10. d5 Nce5 11. Bxd7+ Nxd7
12. dxe6 fxe6 13. Bg5 Nxh2 14. Nxh2 Qxg5 15. Re1 e5 16. Nf3
Qf5 17. Qa4 Bd6 18. Nc3 O-O 19. Rad1 Nb6 20. Qb5 Rad8 21. Ne4
Be7 22. Ng3 Qc2 23. Rc1 Qa4 24. Qxa4 Nxa4 25. b3 Nb2 26. Nxe5
Bd6 27. Rb1 Bxe5 28. Rxe5 Rd2 29. f3 Nd3 30. Rd5 b6 31. Ne4
Rxg2+ 32. Kxg2 Nf4+ 33. Kg3 Nxd5 34. cxd5 Kf7 35. Kf4 h6
36. Rg1 Rd8 37. Ke5 g6 38. d6 g5 39. Rh1 Rh8 40. Nxg5+ Kg6
41. Ne6 1-0

[Event "FIDE Online Olympiad"]
[Site "Chess.com"]
[Date "2020.08.15"]
[EventDate "2020.08.14"]
[Round "4"]
[Result "1-0"]
[White "Rahman Mohammad Fahad"]
[Black "Temur Kuybokarov"]
[WhiteElo "2243"]
[BlackElo "2134"]
[PlyCount "105"]

1. e4 e5 2. Nf3 Nc6 3. Bb5 a6 4. Ba4 d6 5. O-O Bd7 6. d4 Nxd4
7. Bxd7+ Qxd7 8. Nxd4 exd4 9. Qxd4 Nf6 10. c4 Be7 11. Nc3 O-O
12. Re1 Rfe8 13. b3 c6 14. Bb2 Bf8 15. Rad1 Qc7 16. f3 b5
17. Kh1 Rad8 18. a4 b4 19. Ne2 Nd7 20. Ng3 Nc5 21. Qe3 d5
22. cxd5 cxd5 23. e5 f6 24. Rc1 fxe5 25. Bxe5 Qf7 26. f4 d4
27. Qf3 d3 28. Red1 d2 29. Rc2 Qxb3 30. Qxb3+ Nxb3 31. Rb2 Rd3
32. Kg1 Rc8 33. Kf1 Rc1 34. Ke2 Rdc3 35. Bxc3 bxc3 36. Rxb3 c2
37. Rxd2 Re1+ 38. Kxe1 c1=Q+ 39. Ke2 Qc4+ 40. Rbd3 Bb4 41. Rd1
h6 42. Kf3 Ba5 43. Rd4 Qc6+ 44. Kg4 Bc7 45. Kh3 Qe6+ 46. f5
Qe3 47. R1d3 Qg5 48. Rg4 Qf6 49. Rd7 Bxg3 50. Rgxg7+ Kh8
51. Rh7+ Kg8 52. Rdg7+ Kf8 53. Rf7+ 1-0

[Event "FIDE Online Olympiad"]
[Site "Chess.com"]
[Date "2020.08.15"]
[EventDate "2020.08.14"]
[Round "4"]
[Result "1-0"]
[White "Cassandra Lim"]
[Black "Walijah Ahmed"]
[WhiteElo "1493"]
[BlackElo "1700"]
[PlyCount "77"]

1. d4 Nf6 2. c4 g6 3. g3 Bg7 4. Bg2 O-O 5. Nc3 d6 6. Nf3 Nbd7
7. O-O e5 8. e4 Re8 9. h3 a6 10. Qc2 Rb8 11. Rd1 exd4 12. Nxd4
c5 13. Nf3 b5 14. Bf4 b4 15. Bxd6 Rb6 16. Na4 Rxd6 17. Rxd6
Nxe4 18. Rdd1 Qc7 19. Re1 Ndf6 20. Rad1 Bd7 21. Nh2 Bc6
22. Re2 Qb7 23. Rde1 Bf8 24. Ng4 Nxg4 25. hxg4 f5 26. gxf5
gxf5 27. f3 Nf6 28. Qxf5 Rxe2 29. Rxe2 Bxa4 30. Qxf6 Bg7
31. Qe6+ Kh8 32. f4 Qc7 33. Bd5 Qd8 34. Qxa6 Bd4+ 35. Kg2 Bd7
36. Qh6 Bf5 37. Qh5 Bg6 38. Qg4 Qa5 39. f5 1-0

[Event "FIDE Online Olympiad"]
[Site "Chess.com"]
[Date "2020.08.15"]
[EventDate "2020.08.14"]
[Round "4"]
[Result "1-0"]
[White "Diana Musabayeva"]
[Black "Bahar Hallaeva"]
[WhiteElo "1517"]
[BlackElo "2096"]
[PlyCount "89"]

1. e4 e5 2. Nf3 Nc6 3. Bb5 Nf6 4. O-O Nxe4 5. Re1 Nd6 6. Nxe5
Nxe5 7. Rxe5+ Be7 8. Ba4 O-O 9. d4 Bf6 10. Re1 Nf5 11. c3 d5
12. Bf4 c6 13. Nd2 Nd6 14. Bc2 Bf5 15. Bxf5 Nxf5 16. Nf3 Nd6
17. Ne5 Re8 18. Qd3 Re6 19. Ng4 Qe7 20. Nxf6+ Qxf6 21. Rxe6
Qxe6 22. Bxd6 Qxd6 23. Re1 Qd7 24. Qe3 Kf8 25. Kf1 h6 26. h3
a5 27. b3 Qd6 28. c4 dxc4 29. bxc4 Rd8 30. Rd1 Qh2 31. Qg3
Qxg3 32. fxg3 Ke7 33. Ke2 Kd6 34. Rb1 Kc7 35. Kd3 b6 36. Rf1
Rd7 37. Rf5 Re7 38. Rf2 b5 39. cxb5 cxb5 40. Rf5 Kb6 41. d5
Rd7 42. Kd4 b4 43. Rf3 Kb5 44. g4 a4 45. h4 1-0

[Event "FIDE Online Olympiad"]
[Site "Chess.com"]
[Date "2020.08.15"]
[EventDate "2020.08.14"]
[Round "4"]
[Result "1-0"]
[White "Tyani De Rycke"]
[Black "Annagozel Mekanova"]
[WhiteElo "1924"]
[BlackElo "1691"]
[PlyCount "119"]

1. e4 c6 2. d4 d5 3. Nc3 dxe4 4. Nxe4 Bf5 5. Ng3 Bg6 6. Nf3 e6
7. h4 h6 8. h5 Bh7 9. Bd3 Bxd3 10. Qxd3 Nd7 11. Bf4 Qa5+
12. Qd2 Qxd2+ 13. Nxd2 Ngf6 14. Nc4 Nd5 15. Bd6 b5 16. Bxf8
Rxf8 17. Ne5 Nxe5 18. dxe5 f6 19. exf6 Rxf6 20. Ne4 Rf4 21. f3
Ne3 22. Kf2 Nxc2 23. Rac1 Nb4 24. Kg3 Rf8 25. a3 Nd3 26. Rxc6
Kf7 27. b4 a5 28. Rd1 Ne5 29. Nd6+ Kg8 30. Rc5 Nf7 31. Nxf7
Rxf7 32. Rxb5 axb4 33. axb4 Rf5 34. Rxf5 exf5 35. Kf4 Rb8
36. Rd4 Rb5 37. Ke3 Kf7 38. Kd3 Ke6 39. Kc4 Rb8 40. b5 Rc8+
41. Kb4 Rc2 42. g4 Ke5 43. Rd7 fxg4 44. fxg4 Rb2+ 45. Kc5 Rc2+
46. Kb6 Kf6 47. Kb7 Rc4 48. b6 Rxg4 49. Kc8 Rc4+ 50. Rc7 Rb4
51. b7 Kg5 52. Rxg7+ Kxh5 53. b8=Q Rxb8+ 54. Kxb8 Kh4 55. Kc7
h5 56. Kd6 Kh3 57. Ke5 h4 58. Kf4 Kh2 59. Kf3 h3 60. Rh7 1-0

[Event "FIDE Online Olympiad"]
[Site "Chess.com"]
[Date "2020.08.15"]
[EventDate "2020.08.14"]
[Round "4"]
[Result "1-0"]
[White "Mark Paragua"]
[Black "Vladislav Kovalev"]
[WhiteElo "2573"]
[BlackElo "2633"]
[PlyCount "117"]

1. Nf3 Nf6 2. g3 g6 3. Bg2 Bg7 4. O-O O-O 5. d4 d6 6. b3 e5
7. dxe5 dxe5 8. Ba3 e4 9. Bxf8 Qxf8 10. Nd4 e3 11. Nc3 Ng4
12. Qd3 exf2+ 13. Kh1 Na6 14. Rad1 c6 15. h3 Nc5 16. Qf3 Bd7
17. b4 Re8 18. e4 Na6 19. a3 Bc8 20. b5 Nb8 21. bxc6 bxc6
22. Nde2 Be5 23. Nf4 Ba6 24. Nce2 Nf6 25. Nd3 Bxd3 26. cxd3 c5
27. Qxf2 Nc6 28. Rc1 Nd4 29. Nxd4 Bxd4 30. Qa2 Qd6 31. Rf3 Kg7
32. Rb1 Re7 33. g4 Nd7 34. Qd5 Qxd5 35. exd5 Ne5 36. Rff1 Nxd3
37. d6 Rd7 38. Rb7 Nf2+ 39. Kh2 Rxd6 40. Kg3 Rf6 41. Bd5 h5
42. Rxa7 hxg4 43. hxg4 c4 44. Rxf7+ Rxf7 45. Bxf7 c3 46. Bb3
Ne4+ 47. Kg2 Nd2 48. Rf7+ Kh6 49. Bc2 Kg5 50. Rd7 Be3 51. Rd3
Bf4 52. Rxc3 Kxg4 53. a4 Be5 54. Rc6 g5 55. a5 Kf4 56. a6 Bd4
57. Rd6 Ke5 58. Rxd4 Kxd4 59. a7 1-0

[Event "FIDE Online Olympiad"]
[Site "Chess.com"]
[Date "2020.08.15"]
[EventDate "2020.08.14"]
[Round "4"]
[Result "1-0"]
[White "Daniel Quizon"]
[Black "Denis Lazavik"]
[WhiteElo "2164"]
[BlackElo "2324"]
[PlyCount "263"]

1. e4 e5 2. Nf3 Nc6 3. Bb5 a6 4. Ba4 Nf6 5. d3 d6 6. c3 g6
7. O-O Bg7 8. Nbd2 O-O 9. Re1 b5 10. Bc2 Bb7 11. Nf1 Nb8
12. Ng3 Nbd7 13. h3 c5 14. Be3 d5 15. Qc1 d4 16. Bh6 Ne8
17. Bxg7 Kxg7 18. cxd4 cxd4 19. b4 Nd6 20. Bb3 Rc8 21. Qd2 Qe7
22. Rac1 Rfe8 23. Qe2 Qf6 24. Qd2 h6 25. Nh2 Qg5 26. Qb2 h5
27. Nf3 Qf6 28. Qd2 Rxc1 29. Rxc1 Rc8 30. Rxc8 Nxc8 31. Qc1
Qd8 32. Ng5 Nd6 33. Bxf7 Qc8 34. Qxc8 Bxc8 35. Bb3 Kf6 36. Nf3
Nb8 37. Ne2 Nc6 38. a3 a5 39. bxa5 Nxa5 40. Ba2 Nc6 41. Bd5
Ne7 42. Ba8 Bb7 43. Bxb7 Nxb7 44. Nd2 Nc5 45. Nc1 Nc6 46. Ndb3
Na4 47. Na2 Nb2 48. Nbc1 g5 49. Kf1 Na4 50. Nb3 Ke6 51. Ke1
Ne7 52. Nb4 Kd6 53. g3 Nb6 54. Na5 Ng6 55. Ke2 Nf8 56. Nb7+
Kc7 57. Nc5 Kd6 58. Nb3 Ne6 59. Kd2 Nf8 60. Nc2 Ne6 61. Ne1
Na4 62. Nf3 Nb6 63. h4 g4 64. Ng5 Nd8 65. Na5 Nd7 66. Kc2 Nc5
67. Nb3 Nd7 68. Nd2 Nb8 69. Kb3 Nbc6 70. f3 gxf3 71. Ndxf3 Nb7
72. Kc2 Nc5 73. Kd2 Ke7 74. Nh3 Kf6 75. Nf2 Nd7 76. g4 hxg4
77. Nxg4+ Kg6 78. Nf2 b4 79. axb4 Nxb4 80. Nh1 Nc6 81. Ng3 Nf6
82. Ke2 Nh5 83. Nxh5 Kxh5 84. Kf2 Kg4 85. Kg2 Nb4 86. Nxe5+
Kxh4 87. Kf3 Kg5 88. Ke2 Kf4 89. Ng6+ Kg5 90. Ne5 Kf4 91. Nc4
Nc6 92. Kd2 Nb4 93. Na5 Ke5 94. Nb3 Nc6 95. Ke2 Nb4 96. Nd2
Kf4 97. Nc4 Nc6 98. Nb6 Nb4 99. Nd7 Nc6 100. Kd2 Nb4 101. Nb6
Ke5 102. Nc4+ Kf4 103. Na3 Ke5 104. Nc2 Nc6 105. Ke2 Kd6
106. Kf3 Ne5+ 107. Ke2 Nc6 108. Ne1 Ke5 109. Kf3 Nb4 110. Kg4
Ke6 111. Kf4 Kd6 112. e5+ Kd5 113. Kf5 Nc6 114. e6 Kd6
115. Kf6 Ne7 116. Nf3 Ng8+ 117. Kg7 Ne7 118. Kf7 Nc6 119. Nxd4
Ne5+ 120. Kf6 Ng4+ 121. Kf7 Ne5+ 122. Kf8 Ng6+ 123. Kg7 Nf4
124. Kf6 Nd5+ 125. Kf7 Ke5 126. Nb5 Kf5 127. e7 Nxe7 128. Kxe7
Ke5 129. d4+ Kd5 130. Kd7 Kc4 131. Ke6 Kxb5 132. d5 1-0

[Event "FIDE Online Olympiad"]
[Site "Chess.com"]
[Date "2020.08.15"]
[EventDate "2020.08.14"]
[Round "5"]
[Result "1-0"]
[White "Vladislav Kovalev"]
[Black "Yoseph Theolifus Taher"]
[WhiteElo "2633"]
[BlackElo "2295"]
[PlyCount "113"]

1. e4 c5 2. Be2 Nc6 3. d3 g6 4. f4 Bg7 5. Nf3 e6 6. c3 d5
7. O-O Nge7 8. Be3 b6 9. Qc2 O-O 10. Nbd2 Ba6 11. Rfe1 Qc7
12. e5 Rfd8 13. Bf2 Rac8 14. Bf1 Bb7 15. g4 Qd7 16. a3 Rf8
17. Bh3 Nd8 18. Qd1 a5 19. a4 Ba6 20. Qe2 Rb8 21. Nf1 d4
22. c4 Bb7 23. Ng3 Bxf3 24. Qxf3 Nec6 25. Ne4 f6 26. exf6 Bxf6
27. Re2 Bg7 28. Rae1 Nf7 29. Bh4 Rbe8 30. Nf6+ Bxf6 31. Bxf6
Nd6 32. g5 Nf5 33. Bxf5 gxf5 34. h4 Nb4 35. b3 Qf7 36. h5 Qd7
37. Kf1 Qf7 38. Rd2 Qd7 39. Ke2 Qc6 40. Qg3 Kf7 41. Kd1 Rg8
42. Rde2 Qd7 43. Kd2 Nc6 44. Qh4 Ne7 45. Rxe6 Qxe6 46. Rxe6
Kxe6 47. Qh1 Rgf8 48. Qb7 Kf7 49. Qxb6 Rc8 50. Qb7 Rce8
51. Qd7 Rg8 52. Qc7 Rgf8 53. Qxc5 Rg8 54. Qc7 Rgf8 55. Qd7 Rg8
56. c5 Rgf8 57. c6 1-0